00427nam a22000977a 4500008004100000100002200041245014600063260004400209300003200253773004400285230927b ||||| |||| 00| 0 eng d aJawale, Nitin B.  aCase study on resolving critical connectivity issues in the inaccessible Naxal affected areas in Rayagada district: Challenges and learnings  aThe Administrator : Journal of LBSNAA  a62(1), Jan, 2023: p. 94-100 aThe Administrator : Journal of LBSNAA